[Event "20th North Sea Cup"]
[Site "Esbjerg DEN"]
[Date "2005.07.06"]
[Round "6"]
[White "Carlstedt,J"]
[Black "Pedersen,G"]
[Result "1/2-1/2"]
[WhiteElo "2059"]
[BlackElo "2244"]

1.c4 e6 2.Nf3 d5 3.g3 Nf6 4.Bg2 dxc4 5.Qa4+ Nbd7 6.Qxc4 c5 7.O-O a6 8.d3 b5
9.Qc2 Bb7 10.a4 Be7 11.Nc3 Qb6 12.axb5 axb5 13.Rxa8+ Bxa8 14.Bd2 O-O 15.Ra1 Bc6
16.h3 h6 17.Ne1 Bxg2 18.Nxg2 Nd5 19.Qb3 Nxc3 20.Qxc3 Bf6 21.Qc2 Bd4 22.Bc3 Bxc3
23.Qxc3 Rc8 24.Ne3 Nf6 25.Qa5 Qc6 26.Qa6 Nd5  1/2-1/2

[Event "34th TCh-GRE"]
[Site "Ermioni Argolidas GRE"]
[Date "2005.07.10"]
[Round "8"]
[White "Grivas,E"]
[Black "Logothetis,S"]
[Result "1-0"]
[WhiteElo "2515"]
[BlackElo "2247"]

1.c4 e6 2.Nf3 d5 3.g3 dxc4 4.Qa4+ Nd7 5.Qxc4 a6 6.Bg2 b5 7.Qc2 Bb7 8.O-O Ngf6
9.b3 c5 10.Bb2 Be7 11.d3 O-O 12.Nbd2 Qb6 13.Rac1 Rac8 14.Rfd1 Rfd8 15.a3 Qa7
16.Qb1 Qa8 17.Qa1 Ne8 18.Rc2 Bf6 19.Rdc1 Bxb2 20.Qxb2 Rc7 21.a4 Rdc8 22.e4 Nef6
23.Ne5 Nxe5 24.Qxe5 Nd7 25.Qb2 Bc6 26.axb5 axb5 27.b4 Bb7 28.Nb3 c4 29.Na5 Nb6
30.Qe5 Qb8 31.Qxb5 Ba8  1-0

[Event "Andorra Open"]
[Site "Andorra la Vella AND"]
[Date "2005.07.11"]
[Round "3"]
[White "Ermenkov,E"]
[Black "Gonzalez Arribas,V"]
[Result "1/2-1/2"]
[WhiteElo "2478"]
[BlackElo "2252"]

1.c4 e6 2.Nf3 d5 3.b3 Nf6 4.g3 b6 5.Bg2 Bb7 6.O-O Nbd7 7.Nc3 Be7 8.d3 O-O
9.e4 dxe4 10.Ng5 Ne5 11.dxe4 h6 12.Nf3 Qxd1 13.Rxd1 Nxf3+ 14.Bxf3 Bb4 15.Nb5 Bxe4
16.Bxe4 Nxe4 17.Nxc7 Rac8 18.Nb5 a6 19.Ba3 Bxa3 20.Nxa3 Rfd8 21.Rac1 Kf8
22.f3 Nc5 23.Nc2 Nd3 24.Rb1 b5 25.Na3 Nb4 26.cxb5 axb5 27.Nxb5 Nxa2 28.Rxd8+ Rxd8
29.Rb2 Nc1 30.f4 g6 31.Kg2 Rb8 32.Nd4 Rb4 33.Rb1 Rxd4 34.Rxc1 Rd2+ 35.Kh3 Rb2
36.Rc3 h5 37.Rc8+ Kg7 38.Rb8 Kf6 39.Rb5 Kg7 40.Rb7 Kf6 41.Rb5 Kg7 42.Rb7 Kf6
43.Rb5  1/2-1/2

[Event "16th Open"]
[Site "Ljubljana SLO"]
[Date "2005.07.11"]
[Round "4"]
[White "Butala,M"]
[Black "Lazar,Ales ML"]
[Result "0-1"]
[WhiteElo "2109"]
[BlackElo "2284"]

1.c4 e6 2.Nf3 d5 3.g3 Nf6 4.Bg2 c6 5.b3 Nbd7 6.Bb2 Bd6 7.O-O O-O 8.cxd5 exd5
9.d3 Re8 10.Nbd2 Nc5 11.b4 Ne6 12.a3 a5 13.e4 Bf8 14.Qb3 Nc7 15.e5 Nd7 16.d4 axb4
17.axb4 Rxa1 18.Rxa1 Qe7 19.Bc3 Nb5 20.Rb1 Nb6 21.Qc2 Na3 22.Qd3 Nxb1 23.Nxb1 Be6
24.Na3 Qd7 25.h3 Bf5 26.Qe3 Bxh3 27.Qf4 h6 28.Kh2 Bxg2 29.Kxg2 Ra8 30.Nc2 Nc4
31.g4 Qe6 32.Kg3 Qg6 33.Ne3 Nxe3 34.fxe3 Ra3 35.Bd2 Qe4 36.Qf5 Qxf5 37.gxf5 Rb3
38.Kf4 Bxb4 39.Bxb4 Rxb4 40.e6 Kf8 41.exf7 Kxf7 42.e4 dxe4 43.Kxe4 c5  0-1

[Event "27th Open"]
[Site "Oberwart AUT"]
[Date "2005.07.11"]
[Round "3"]
[White "Ruck,R"]
[Black "Lautner,J"]
[Result "1-0"]
[WhiteElo "2546"]
[BlackElo "2235"]

1.c4 e6 2.Nf3 d5 3.d4 c6 4.Nc3 dxc4 5.Bg5 Qc7 6.g3 b5 7.a4 Bb4 8.Bg2 Bb7
9.O-O Bxc3 10.bxc3 Ne7 11.Qb1 a6 12.Bf4 Qd8 13.Ne5 Nd5 14.Nxc4 Nxf4 15.gxf4 O-O
16.axb5 axb5 17.Rxa8 Bxa8 18.Ne5 Qc7 19.Qb4 Na6 20.Qa3 Bb7 21.Bxc6 Bxc6 22.Qxa6 Bd5
23.Qxb5 Qxc3 24.Qd3 Qc7 25.Qd2 Rc8 26.f3 f6 27.Ng4 Qb6 28.Ne3 Bb7 29.Rd1 h6
30.Kg2 Ba6 31.Kf2 Qb5 32.Qa2 Kh8 33.Rb1 Qc6 34.Qa5 Ra8 35.Rb6 Qc8 36.Qc5 Qe8
37.Qd6 Bc8 38.Rb8 Rxb8 39.Qxb8 Kh7 40.f5 exf5 41.Nxf5 Qd7 42.Nd6  1-0

[Event "Aegean Open"]
[Site "Kirykos GRE"]
[Date "2005.07.13"]
[Round "2"]
[White "Nikolaidis,I"]
[Black "Lazaridis,H"]
[Result "1-0"]
[WhiteElo "2522"]
[BlackElo "2058"]

1.c4 e6 2.Nf3 d5 3.d4 Nf6 4.Bg5 Be7 5.e3 O-O 6.Nbd2 c5 7.cxd5 exd5 8.dxc5 Bxc5
9.Bd3 h6 10.Bh4 Bg4 11.h3 Bxf3 12.Qxf3 Nbd7 13.O-O d4 14.Ne4 dxe3 15.Bxf6 gxf6
16.Qg4+ Kh8 17.Qf5  1-0

[Event "Open"]
[Site "Condom FRA"]
[Date "2005.07.14"]
[Round "7"]
[White "Schmouchkovitch,C"]
[Black "Beaurain,J"]
[Result "1/2-1/2"]
[WhiteElo "1917"]
[BlackElo "2109"]

1.c4 e6 2.Nf3 d5 3.d4 c6 4.b3 Bd6 5.g3 Nd7 6.Bb2 f5 7.Bg2 Nh6 8.O-O Qe7 9.cxd5 exd5
10.e3 Nf7 11.Nbd2 Nf6 12.a3 h5 13.h4 Ne4 14.Re1 g5 15.Nf1 Bd7 16.b4 a6 17.Rc1 f4
18.exf4 gxf4 19.N3d2 O-O-O 20.Nxe4 dxe4 21.Bxe4 fxg3 22.fxg3 Bxg3 23.Nxg3 Qxh4
24.Qd3 Rhg8 25.Re3 Ng5 26.Bxc6 Nh3+ 27.Kf1 Bxc6  1/2-1/2

[Event "27th Open"]
[Site "Oberwart AUT"]
[Date "2005.07.16"]
[Round "8"]
[White "Sprotte,N"]
[Black "Sommerbauer,N"]
[Result "0-1"]
[WhiteElo "2265"]
[BlackElo "2427"]

1.c4 e6 2.Nf3 d5 3.e3 c5 4.d4 cxd4 5.exd4 Nf6 6.Nc3 Be7 7.cxd5 Nxd5 8.Bc4 O-O
9.O-O Nxc3 10.bxc3 Qc7 11.Qd3 Nd7 12.Re1 Rd8 13.Bg5 Bxg5 14.Nxg5 Nf6 15.Bb3 Qf4
16.Qe3 Qxe3 17.fxe3 h6 18.Nf3 Ne4 19.c4 b6 20.Rab1 Ba6 21.Bc2 Nd6 22.c5 bxc5
23.dxc5 Rac8 24.Rbc1 Nc4 25.Bb3 Rxc5 26.Rc3 Rcc8 27.Bxc4 Bxc4 28.Rec1 Ba6
29.Rc7 Rd1+ 30.Rxd1 Rxc7 31.Rd8+ Kh7 32.Ra8 Bc4 33.Nd4 Bd5  0-1

[Event "ACT Open"]
[Site "Amsterdam NED"]
[Date "2005.07.18"]
[Round "3"]
[White "Timman,T"]
[Black "Markus,J"]
[Result "1/2-1/2"]
[WhiteElo "2335"]
[BlackElo "2227"]

1.c4 e6 2.Nf3 d5 3.d4 c5 4.cxd5 exd5 5.g3 Nc6 6.Bg2 Nf6 7.O-O Be7 8.dxc5 Bxc5
9.Nbd2 O-O 10.Nb3 Be7 11.Nbd4 Qb6 12.b3 Re8 13.Bb2 Ne4 14.Rc1 Bf6 15.Ba1 Bg4
16.Qd3 Bxf3 17.Nxf3 Nb4 18.Qb1 Qa6 19.Bxf6 Nxf6 20.Nd4 Nxa2 21.Rc7 Qb6 22.Rc2 Nb4
23.Rd2 Ne4 24.Bxe4 Rxe4 25.Rfd1 Rae8 26.e3 h5 27.Ne2 h4 28.Nf4 hxg3 29.hxg3 a5
30.Nxd5 Nxd5  1/2-1/2

[Event "ACT Open"]
[Site "Amsterdam NED"]
[Date "2005.07.18"]
[Round "3"]
[White "Van der Elburg,F"]
[Black "Gavin Roche,E"]
[Result "1-0"]
[WhiteElo "2290"]
[BlackElo "2230"]

1.c4 e6 2.Nf3 d5 3.b3 d4 4.e3 c5 5.Bb2 Nc6 6.exd4 cxd4 7.g3 Bc5 8.Bg2 Nf6
9.O-O O-O 10.d3 e5 11.a3 a5 12.Re1 Re8 13.Nbd2 Bf5 14.Qc2 h6 15.Nh4 Bh7 16.Ne4 Nxe4
17.Bxe4 Bxe4 18.Rxe4 g6 19.Qd2 Qg5 20.f4 exf4 21.Nf3 Qf6 22.Rxf4 Qg7 23.Re1 Rxe1+
24.Qxe1 Qf8 25.Kg2 Bxa3 26.Bxd4 Qb4 27.Qxb4 Bxb4 28.Bf6 a4 29.bxa4 Rxa4 30.Re4 Ra2+
31.Kh3 Ra8 32.d4 Na5 33.c5 Bc3 34.Re3 Bb2 35.Re2 Bc3 36.Re7 Nb3 37.Be5 Na5
38.d5 Bb4 39.Rc7 Nc4 40.Bf6 Na5 41.Ne5 Bc3 42.d6 Nc6 43.d7 Bxe5 44.Rc8+ Kh7
45.Bxe5  1-0

[Event "Open A"]
[Site "Chojnice POL"]
[Date "2005.07.20"]
[Round "7"]
[White "Bugajski,R"]
[Black "Wypych,D"]
[Result "1-0"]
[WhiteElo "2218"]
[BlackElo "2041"]

1.c4 e6 2.Nf3 d5 3.d4 Nf6 4.Bg5 Be7 5.Nc3 O-O 6.Rc1 c6 7.e3 Nbd7 8.Bd3 dxc4
9.Bxc4 Nd5 10.Bxe7 Qxe7 11.O-O Nxc3 12.Rxc3 e5 13.Qc2 exd4 14.exd4 Nb6 15.Re1 Qd6
16.Ng5 Qg6 17.Bxf7+ Rxf7 18.Re8+ Rf8 19.Rxf8+ Kxf8 20.Nxh7+ Kf7 21.Rf3+ Bf5
22.Rxf5+ Kg8 23.Ng5 Re8 24.g3 Qh6 25.Qb3+ Nd5 26.Rxd5  1-0

[Event "HZ Open"]
[Site "Vlissingen NED"]
[Date "2005.08.09"]
[Round "4"]
[White "Verduyn,F"]
[Black "Todts,B"]
[Result "1-0"]
[WhiteElo "2288"]
[BlackElo "2059"]

1.Nf3 e6 2.c4 d5 3.d4 Nf6 4.Nc3 c5 5.cxd5 exd5 6.Bg5 Be6 7.e3 Be7 8.dxc5 Nc6
9.Rc1 Bxc5 10.Bd3 O-O 11.O-O Re8 12.Nb5 Be7 13.Nbd4 Qd7 14.Bb5 Rec8 15.Ne5 Qd6
16.Nexc6 bxc6 17.Bxc6  1-0

[Event "92nd ch-GBR"]
[Site "Douglas IOM"]
[Date "2005.08.10"]
[Round "9"]
[White "Knott,S"]
[Black "Eggleston,T"]
[Result "1-0"]
[WhiteElo "2382"]
[BlackElo "2166"]

1.Nf3 e6 2.c4 d5 3.d4 Nf6 4.Nc3 Be7 5.Bg5 O-O 6.e3 h6 7.Bh4 Ne4 8.Bxe7 Qxe7
9.Rc1 Nxc3 10.Rxc3 c6 11.Bd3 dxc4 12.Bxc4 Nd7 13.O-O b6 14.Bd3 c5 15.Be4 Rb8
16.Qc2 a5 17.Rc1 Bb7 18.Bxb7 Rxb7 19.h3 Rd8 20.a3 Rc7 21.b4 axb4 22.axb4 Rdc8
23.bxc5 bxc5 24.Nd2 g6 25.Rc4 e5 26.Nb3 exd4 27.exd4 Nb6 28.Rxc5 Nd5 29.Qd2 Rd8
30.Rxc7 Nxc7 31.Qxh6 Rb8 32.Nd2 Rb2 33.Nf3 Rb5 34.Re1 Qf6 35.Rc1 Qe7 36.h4 Rh5
37.Qf4 Nd5 38.Qb8+ Kg7 39.Rc8 Rf5 40.Re8 Qd7 41.Rg8+ Kf6 42.Ne5 Qc7 43.Ng4+ Ke6
44.Re8+ Kd6  1-0

[Event "92nd ch-GBR"]
[Site "Douglas IOM"]
[Date "2005.08.11"]
[Round "10"]
[White "Sowray,P"]
[Black "Eggleston,D"]
[Result "1-0"]
[WhiteElo "2364"]
[BlackElo "2138"]

1.Nf3 e6 2.c4 d5 3.e3 Nf6 4.d4 Be7 5.Nc3 O-O 6.Bd3 c5 7.cxd5 exd5 8.h3 Nc6
9.O-O a6 10.dxc5 Bxc5 11.Ne2 Ne4 12.a3 Qf6 13.Nf4 Ne5 14.Nxd5 Nxf3+ 15.Qxf3 Qxf3
16.gxf3 Ng5 17.f4 Rd8 18.Bc4 Ne4 19.b4 Be6 20.Rd1 Ba7 21.f5 Nd6 22.fxe6 Nxc4
23.e7 Rd6 24.e4 f6 25.Bf4 Re6 26.Nc7 Rxe7 27.Nxa8 Rxe4  1-0

[Event "ch-AUT"]
[Site "Gmunden AUT"]
[Date "2005.08.11"]
[Round "1"]
[White "Weiss,C"]
[Black "Neubauer,M"]
[Result "1/2-1/2"]
[WhiteElo "2429"]
[BlackElo "2468"]

1.c4 e6 2.Nf3 d5 3.d4 Nf6 4.Nc3 Be7 5.Bg5 h6 6.Bxf6 Bxf6 7.e3 O-O 8.Qb3 c6
9.Be2 Nd7 10.O-O dxc4 11.Bxc4 e5 12.Ne4 exd4 13.Nxf6+ Qxf6 14.Nxd4 Ne5 15.Be2 c5
16.Nb5 Bg4 17.Bxg4 Nxg4 18.h3 Ne5 19.Rad1 Rfd8 20.f4 c4 21.Qc3 Nd3 22.Qxc4 Nxb2
23.Rxd8+ Rxd8 24.Qc2 Nd3 25.Nd4 Nb4 26.Qb3 Nc6 27.Qxb7 Nxd4 28.exd4 Qxd4+
29.Kh2 Rd7 30.Qc8+ Kh7 31.Rf3 Re7 32.Qc2+ Qe4 33.Qxe4+ Rxe4  1/2-1/2

[Event "US Open"]
[Site "Phoenix USA"]
[Date "2005.08.13"]
[Round "8"]
[White "Vigorito,D"]
[Black "Schoonmaker,N"]
[Result "1-0"]
[WhiteElo "2360"]
[BlackElo "2261"]

1.c4 e6 2.Nf3 d5 3.d4 Nf6 4.Bg5 h6 5.Bxf6 Qxf6 6.Nc3 c6 7.e3 Nd7 8.Bd3 dxc4
9.Bxc4 g6 10.O-O Bg7 11.e4 e5 12.d5 Nb6 13.Bb3 O-O 14.h3 Rd8 15.Qe2 Bd7 16.Rfd1 Be8
17.a4 cxd5 18.Bxd5 Rd7 19.a5 Nxd5 20.Nxd5 Qa6 21.Qc2 Rad8 22.b4 Kf8 23.Qc5+ Kg8
24.b5 b6 25.axb6 axb6 26.bxa6 bxc5 27.Ne7+ Kf8 28.Rxd7 Bxd7 29.Nd5 Bc6 30.a7 Bxd5
31.exd5 Ra8 32.Nd2 Bf6 33.Nc4 Bd8 34.Nxe5 Ke8 35.Ra6 h5 36.Kf1 g5 37.Ke2 f6
38.Re6+ Kf8 39.Nc6 Bb6 40.Rxf6+ Kg7 41.Re6 Kf8 42.Re7  1-0

[Event "14th Open"]
[Site "Kavala GRE"]
[Date "2005.08.17"]
[Round "7"]
[White "Mastrovasilis,A"]
[Black "Kozhuharov,S"]
[Result "1/2-1/2"]
[WhiteElo "2495"]
[BlackElo "2391"]

1.c4 e6 2.Nf3 d5 3.d4 c6 4.Nbd2 Nf6 5.g3 Nbd7 6.Bg2 Bd6 7.O-O O-O 8.Qc2 Re8
9.Re1 Qe7 10.e4 Nxe4 11.Nxe4 dxe4 12.Rxe4 c5 13.Bg5 f6 14.Bd2 Nf8 15.b4 cxd4
16.c5 Bc7 17.Nxd4 e5 18.Ree1 a6 19.Nf5 Qf7 20.Rad1 Rb8 21.Be3 Bd7 22.Nd6 Bxd6
23.Rxd6 Kh8 24.a3 f5 25.Bd2 e4 26.Bc3 Ng6 27.Qd2 Bc6 28.h4 Ne5 29.Bxe5 Rxe5
30.Bf1 Rc8 31.Qf4 Qe7 32.Qg5 Qf7 33.Red1 h6 34.Rd8+ Kh7 35.Qf4 Rxd8 36.Rxd8 Qe7
37.h5 Qxd8 38.Qxe5 Qg5 39.Be2 Bb5 40.Bxb5 axb5 41.Qe8 Qg4 42.Qxb5 e3 43.fxe3 Qxg3+
44.Kf1 Qf3+ 45.Ke1 Qxe3+ 46.Kf1 Qf3+ 47.Ke1 Qe3+ 48.Kf1 Qf3+  1/2-1/2

[Event "14th Open"]
[Site "Kavala GRE"]
[Date "2005.08.18"]
[Round "8"]
[White "Kozhuharov,S"]
[Black "Mateuta,G"]
[Result "1-0"]
[WhiteElo "2391"]
[BlackElo "2465"]

1.c4 e6 2.Nf3 d5 3.g3 Nf6 4.Bg2 dxc4 5.Qa4+ Nbd7 6.Qxc4 a6 7.Qc2 c5 8.O-O b5
9.b3 Bb7 10.Bb2 Be7 11.d3 O-O 12.Nbd2 Qb6 13.Rac1 Rac8 14.Qb1 Rfd8 15.Qa1 Nb8
16.Rc2 Nc6 17.a3 Rd7 18.Rfc1 Rcd8 19.Ne5 Nxe5 20.Bxe5 Bxg2 21.Kxg2 Ng4 22.Ne4 f5
23.Nxc5 Rd5 24.Bc7 Qxc7 25.Nxe6 Qe5 26.Qxe5 Nxe5 27.Nxd8 Rxd8 28.Rc8 Kf7
29.Rxd8 Bxd8 30.Rc5 Bf6 31.Rc7+ Be7 32.d4 Ng4 33.Ra7 Nf6 34.Rxa6 Ne4 35.a4 b4
36.a5 Nc3 37.Rb6  1-0

[Event "14th Open"]
[Site "Kavala GRE"]
[Date "2005.08.19"]
[Round "9"]
[White "Mastrovasilis,A"]
[Black "Drenchev,P"]
[Result "1/2-1/2"]
[WhiteElo "2495"]
[BlackElo "2412"]

1.c4 e6 2.Nf3 d5 3.d4 Nf6 4.e3 b6 5.Bd3 Bb7 6.O-O Bd6 7.b3 O-O 8.Bb2 Nbd7
9.cxd5 exd5 10.Nc3 a6 11.Rc1 Qe7 12.Ne2 Ne4 13.Ng3  1/2-1/2

[Event "ch-AUT Qualifier"]
[Site "Gmunden AUT"]
[Date "2005.08.20"]
[Round "8"]
[White "Petschar,H"]
[Black "Sepetavc,W"]
[Result "1/2-1/2"]
[WhiteElo "2092"]
[BlackElo "2063"]

1.c4 e6 2.Nf3 d5 3.g3 Nf6 4.Bg2 Be7 5.O-O O-O 6.b3 c6 7.Bb2 Nbd7 8.d3 b6
9.Nc3 Bb7 10.Qc2 Qc7 11.e4 dxe4 12.dxe4 e5 13.Nd1 Bc5 14.Bc1 Rad8 15.Nh4 Rfe8
16.Nf5 Bc8 17.h3 Nf8 18.Be3 Bxe3 19.Ndxe3 g6 20.Nh6+ Kg7 21.Nhg4 Nxg4 22.hxg4 Rd4
23.Rad1 Red8 24.Rde1 Ne6 25.Qc1 Rd2 26.Nd5 cxd5 27.Qxd2 dxc4 28.Qc3  1/2-1/2

[Event "8th Open"]
[Site "Banyoles ESP"]
[Date "2005.08.23"]
[Round "7"]
[White "Slaby,J"]
[Black "Narciso Dublan,M"]
[Result "0-1"]
[WhiteElo "2432"]
[BlackElo "2476"]

1.c4 e6 2.Nf3 d5 3.d4 Nf6 4.Nc3 Be7 5.Bg5 O-O 6.e3 h6 7.Bxf6 Bxf6 8.Qb3 c6
9.Rd1 Nd7 10.Bd3 g6 11.O-O a5 12.a3 a4 13.Qc2 Qa5 14.h3 Bg7 15.Rfe1 Ra7 16.cxd5 exd5
17.e4 dxe4 18.Nxe4 Qd8 19.Nd6 Nf6 20.Nxc8 Qxc8 21.Ne5 Nd5 22.Bc4 Qd8 23.Qe4 Ra5
24.Kh1 Qc7 25.f4 f5 26.Qf3 Kh7 27.Re2 Bf6 28.Rde1 Qg7 29.Bd3 Raa8 30.Bc2 Bh4
31.g3 Bf6 32.Rg1 Bxe5 33.dxe5 h5 34.Rd2 Qh6 35.h4 Rfd8 36.Rgd1 Qf8 37.Qf2 b5
38.Bb1 b4 39.axb4 Qxb4 40.Qd4 Qxd4 41.Rxd4 Rdb8 42.R4d2 a3 43.bxa3 Nc3  0-1

[Event "Ada Open"]
[Site "Belgrade SCG"]
[Date "2005.08.23"]
[Round "9"]
[White "Cvetkovic,Sr"]
[Black "Petrovic,ZoZ"]
[Result "1-0"]
[WhiteElo "2423"]
[BlackElo "2122"]

1.c4 e6 2.Nf3 d5 3.d4 c5 4.cxd5 exd5 5.Bg5 Be7 6.Bxe7 Qxe7 7.Nc3 Nf6 8.dxc5 Qxc5
9.e3 O-O 10.Be2 Nc6 11.O-O Be6 12.Qa4 Qb6 13.Qb5 Qxb5 14.Nxb5 a6 15.Nbd4 Rac8
16.Nxc6 Rxc6 17.Nd4 Rc7 18.Rac1 Rfc8 19.Rxc7 Rxc7 20.Rd1 Kf8 21.f3 Nd7 22.Bd3 h6
23.Kf1 Ke7 24.Ke2 Ne5 25.Kd2 Nc6 26.Rc1 Kd6 27.Nxc6 Rxc6 28.Rxc6+ Kxc6 29.a3 a5
30.Kc3 b6 31.Kd4 f6 32.Bb1 Kd6 33.Ba2 h5 34.h4 g6 35.Bb3 g5 36.g3 b5 37.Ba2 g4
38.fxg4 Bxg4 39.Bxd5 Bd1 40.Be4 Bg4 41.Bd3 Kc6 42.b4 a4 43.e4 Be6 44.Be2 Bf7
45.g4 hxg4 46.Bxg4 Kd6 47.h5  1-0

[Event "41st Rubinstein Mem Open A"]
[Site "Polanica Zdroj POL"]
[Date "2005.08.25"]
[Round "7"]
[White "Lada,I"]
[Black "Stysiak,S"]
[Result "0-1"]
[WhiteElo "2189"]
[BlackElo "2198"]

1.c4 e6 2.Nf3 d5 3.g3 Nf6 4.Bg2 Be7 5.O-O O-O 6.Qc2 d4 7.d3 Nc6 8.a3 a5 9.b3 e5
10.Bb2 h6 11.Nbd2 Bf5 12.Ne1 Bg6 13.h3 Nh5 14.c5 f5 15.Nc4 Bf6 16.b4 Qe7
17.b5 Nd8 18.a4 c6 19.Nb6 Rb8 20.Qd2 Ne6 21.Ba3 e4 22.bxc6 bxc6 23.Qxa5 e3
24.Bxc6 Ng5 25.f4 Nxg3 26.Nd5 Nxe2+ 27.Kh2 Qe6 28.Nxf6+ Rxf6 29.Bg2 Nxf4
30.Rxf4 Qe5 31.Bd5+ Kh7 32.Ng2 Qxd5 33.Qc7 Rb3 34.a5 Rxd3 35.Rff1 e2 36.Rf2 Rxh3+
37.Kg1 d3 38.Bb2 Rf7 39.Qb6 d2 40.Qxg6+ Kxg6 41.Nf4+ Kh7 42.Nxd5 e1=Q+  0-1

[Event "Caissa IM August II"]
[Site "Kecskemet HUN"]
[Date "2005.08.26"]
[Round "11"]
[White "Erdelyi,T"]
[Black "Sutorikhin,V"]
[Result "1/2-1/2"]
[WhiteElo "2278"]
[BlackElo "2370"]

1.c4 e6 2.Nf3 d5 3.g3 Nf6 4.Bg2 c5 5.O-O Nc6 6.b3 d4 7.d3 Be7 8.e3 e5 9.exd4 exd4
10.a3 O-O 11.Ra2 Re8 12.h3 h6 13.Re1 Bd6 14.Rae2  1/2-1/2

[Event "Rudenko mem"]
[Site "St Petersburg RUS"]
[Date "2005.08.28"]
[Round "9"]
[White "Danielian,E"]
[Black "Shaidullina,S"]
[Result "1/2-1/2"]
[WhiteElo "2433"]
[BlackElo "2331"]

1.c4 e6 2.Nf3 d5 3.e3 c5 4.d4 Nf6 5.Nc3 Nc6 6.a3 a6 7.dxc5 Bxc5 8.b4 Be7
9.cxd5 Nxd5 10.Nxd5 Qxd5 11.Qxd5 exd5 12.Bb2 O-O 13.Be2 Be6 14.O-O Rfc8 15.Rac1 Kf8
16.Rfd1 f6 17.Bd3 Kf7 18.h4 g6 19.Bb1 Rd8 20.Ba2 Rac8 21.Kf1 Bf8 22.Ke2 Rc7
23.Kf1 Rcd7 24.Nd4 Nxd4 25.Bxd4 f5 26.Bb6 Ra8 27.Bb3 Kg8 28.Ba4 Rf7 29.g3 Bg7
30.Bd4 Bf8 31.Bb6 Bg7 32.Rd2 h6 33.Bb3 Rd7 34.Rcd1 Rc8 35.Bxd5 Bxd5 36.Rxd5 Rxd5
37.Rxd5 Bb2 38.a4 Bc3 39.Rd7 Rc4 40.Rxb7 Rxb4 41.Rc7 Rb1+ 42.Kg2 Rxb6 43.Rxc3 Kf7
44.Rc5 Ke6 45.Kf3 Kd6 46.Rc8 Kd5 47.a5 Re6 48.Rg8 Ke5 49.Rg7 Rc6 50.Re7+ Kf6
51.Rb7 Ke5 52.h5 gxh5 53.Rb8 Rc5 54.Rb6 Rxa5 55.Rxh6 Ra2 56.Rxh5 Kf6 57.Rh4 a5
58.Rf4 Ke5 59.Rc4 Kd5 60.Rc8 a4 61.Rf8 Ke5 62.Ra8 a3 63.Ra5+ Ke6 64.Kg2 Ra1
65.Kf3 Ra2 66.Kg2 Ra1 67.Kh3 Rh1+ 68.Kg2 Ra1 69.Ra4 Kd5 70.Kf3 Ra2 71.Rf4 Ke5
72.g4 fxg4+ 73.Rxg4 Kd5 74.Ra4 Kc5 75.e4 Kb5 76.Ra8 Kb4 77.e5 Ra1 78.Kf4 Kb3
79.Kf5 a2 80.f4 Re1 81.e6 a1=Q 82.Rxa1 Rxa1 83.e7 Re1 84.Kf6 Kc4 85.Kf7 Kd5
86.f5 Kd6 87.e8=Q Rxe8 88.Kxe8 Ke5 89.Kf7 Kxf5  1/2-1/2

[Event "Nordic Championships"]
[Site "Vammala FIN"]
[Date "2005.08.28"]
[Round "5"]
[White "Simonsen,H"]
[Black "Lie,Es"]
[Result "0-1"]
[WhiteElo "2305"]
[BlackElo "2300"]

1.c4 e6 2.Nf3 d5 3.d4 c5 4.cxd5 exd5 5.Nc3 Nc6 6.g3 Nf6 7.Bg2 Be7 8.O-O O-O
9.Bg5 c4 10.Ne5 Be6 11.e3 Nd7 12.Nxc6 bxc6 13.Bxe7 Qxe7 14.b3 Nb6 15.bxc4 Nxc4
16.Qa4 Nb6 17.Qa6 Bf5 18.Rfc1 Qd6 19.Na4 Bc8 20.Qa5 Qa3 21.Rxc6 Qxa4 22.Qxa4 Nxa4
23.Bxd5 Bb7 24.Rd6 Bxd5 25.Rxd5 Nb6 26.Ra5 Rfc8 27.Rb1 Nc4 28.Ra6 Rc7 29.Rb4 Rd8
30.Rba4 Rdd7 31.Rb4 g6 32.Kf1 Nd2+ 33.Ke2 Rc2 34.Kd3 Rdc7 35.d5 Nf3 36.Ke4 Ng5+
37.Ke5 Rd7 38.f4 Nf3+ 39.Kf6 Rc8 40.e4 Nxh2 41.Rba4 h6 42.Ke5 Nf3+ 43.Kf6 Re8
44.f5 g5 45.d6 Ne5  0-1

[Event "V Open"]
[Site "Vila de Marin ESP"]
[Date "2005.08.28"]
[Round "8"]
[White "Dimitrov,Vl"]
[Black "Danilov,I"]
[Result "1-0"]
[WhiteElo "2418"]
[BlackElo "2363"]

1.c4 e6 2.Nf3 d5 3.d4 Nf6 4.Nc3 Be7 5.Bg5 Nbd7 6.e3 O-O 7.Qc2 c5 8.cxd5 Nxd5
9.Bxe7 Qxe7 10.Nxd5 exd5 11.Bd3 g6 12.dxc5 Nxc5 13.Rc1 Ne4 14.O-O Bg4 15.Nd4 Rac8
16.Qa4 a6 17.h3 Bd7 18.Qa5 Qd6 19.Rfd1 Rfe8 20.a3 b6 21.Qe1 a5 22.Rxc8 Rxc8
23.Rc1 Rc5 24.Rxc5 Nxc5 25.Be2 Ne6 26.Nf3 Nc5 27.Qd2 Ne4 28.Qc2 Qc5 29.Qd1 Be6
30.Nd4 Bd7 31.Bf3 Qc4 32.h4 h5 33.Bxe4 dxe4 34.Qb1 Bc6 35.b4 axb4 36.axb4 Bd5
37.Qb2 Qa2 38.Qc3 Qc4 39.Qa3 Qa2 40.Qxa2 Bxa2 41.Nb5 Bc4 42.Nc3 Bd3 43.Kh2 f6
44.Kg3 g5 45.Nd5 Kf7 46.Nxb6 Ke6 47.Na4 Kd5 48.b5 Kd6 49.b6 Ba6 50.Nc3 Bb7
51.Nb5+ Kc6 52.Nd4+ Kxb6 53.Ne6 Bd5 54.Nf8 gxh4+ 55.Kxh4 Bf7 56.Nd7+  1-0

[Event "13th Open"]
[Site "Nikaia GRE"]
[Date "2005.08.30"]
[Round "9"]
[White "Aroshidze,L"]
[Black "Palekha,A"]
[Result "1/2-1/2"]
[WhiteElo "2463"]
[BlackElo "2345"]

1.c4 e6 2.Nf3 d5 3.e3 c6 4.b3 Nf6 5.Bb2 Be7 6.Be2 O-O 7.O-O b6 8.d3 Bb7 9.Nbd2 c5
10.cxd5 Nxd5 11.a3  1/2-1/2

[Event "VII Sants Open"]
[Site "Barcelona ESP"]
[Date "2005.09.04"]
[Round "10"]
[White "Marin,M"]
[Black "Gonzalez Garcia,J"]
[Result "1/2-1/2"]
[WhiteElo "2537"]
[BlackElo "2478"]

1.c4 e6 2.Nf3 d5 3.b3 Nf6 4.g3 Be7 5.Bg2 O-O 6.O-O b6 7.Bb2 Bb7 8.e3 Nbd7
9.Nc3 c5 10.Qe2 Rc8 11.d3 a6 12.Ne1 Qc7 13.f4 Rfd8 14.e4 dxe4 15.dxe4 Nb8
16.e5 Bxg2 17.Kxg2 Ne8 18.Nf3 Nc6 19.Ne4 Qb7 20.Rfd1 b5 21.Rac1 bxc4 22.Rxd8 Rxd8
23.Rxc4 Rd5 24.Ba3 Nb4 25.Bxb4 cxb4 26.Nd4 h6 27.Qf3 Qd7 28.Nc6 a5 29.Qe3 Bf8
30.Qa7 Qxa7 31.Nxa7 f5 32.exf6 gxf6 33.Nc6 f5 34.Nf2 Rd2 35.Rd4 Rxa2 36.Rd8 Nf6
37.Kf3 a4 38.bxa4 Rxa4 39.Nd3 Ra3 40.Nxb4 Nd5 41.Ke2 Nxb4 42.Nxb4 Kf7 43.Nc6 Ra2+
44.Rd2 Rxd2+ 45.Kxd2 Bd6 46.Ke3 Bc5+ 47.Kf3 Kf6 48.Ne5 Bd6 49.Nd3 Bc7  1/2-1/2

[Event "Autumn 1"]
[Site "Alushta UKR"]
[Date "2005.09.06"]
[Round "5"]
[White "Shtyrenkov,V"]
[Black "Zinchenko,Ya"]
[Result "0-1"]
[WhiteElo "2459"]
[BlackElo "2493"]

1.c4 e6 2.Nf3 d5 3.g3 dxc4 4.Bg2 Nd7 5.O-O a6 6.Qc2 Nb6 7.a4 a5 8.Na3 Bxa3
9.Rxa3 Nf6 10.d3 cxd3 11.Rxd3 Nbd5 12.Qc4 Qe7 13.Qh4 b6 14.Bg5 Ba6 15.Rd2 h6
16.Ne5 Bb7 17.Ng4 O-O-O 18.Bxf6 Nxf6 19.Rxd8+ Rxd8 20.Bxb7+ Kxb7 21.Ne5 Rd5
22.Qf4 g5 23.Qe3 Nd7 24.Nd3 Nc5 25.Nxc5+ Qxc5 26.Qf3 Qe7 27.Rc1 Kb8 28.h3 Qd7
29.Kh2 f5 30.b3 e5 31.e4 fxe4 32.Qxe4 Rd2 33.Rc2 Qd4 34.Qf5 Rxc2 35.Qxc2 e4
36.Kg2 Kb7 37.Qe2 c5 38.Qg4 Qd5 39.Kh2 Kc7 40.h4 Qe5 41.hxg5 hxg5 42.Qe2 Qf5
43.Kg1 Qf3 44.Qa6 e3  0-1

[Event "zt 2.3"]
[Site "Guayaquil ECU"]
[Date "2005.09.11"]
[Round "9"]
[White "Arencibia,W"]
[Black "Hernandez Basante,F"]
[Result "1-0"]
[WhiteElo "2527"]
[BlackElo "2265"]

1.Nf3 e6 2.c4 d5 3.d4 Nf6 4.Nc3 Bb4 5.Bg5 h6 6.Bxf6 Qxf6 7.Qb3 Nc6 8.e3 dxc4
9.Bxc4 O-O 10.O-O Bd6 11.Bb5 Bd7 12.Rac1 Qg6 13.Rfd1 Qh5 14.Be2 Qa5 15.Nd2 Rab8
16.Nc4 Qg5 17.Nxd6 cxd6 18.d5 Nd8 19.Qa3 exd5 20.Rxd5 Qe7 21.Qxd6 Qxd6 22.Rxd6 Bc6
23.Bc4 Re8 24.b4 Rc8 25.Ne2 Ne6 26.Bb3 Kf8 27.Nf4 Ke7 28.Rcd1 Rc7 29.f3 g5
30.Nh5 Rh8 31.e4 Rd7 32.e5 Nf4 33.Ng3 Ng6 34.Kf2 Rhd8 35.Rxd7+ Rxd7 36.Rxd7+ Bxd7
37.Ke3 f6 38.exf6+ Kxf6 39.Ke4 b6 40.Kd5 Ke7  1-0

[Event "Autumn 1"]
[Site "Alushta UKR"]
[Date "2005.09.14"]
[Round "18"]
[White "Chuprikov,D"]
[Black "Zinchenko,Ya"]
[Result "0-1"]
[WhiteElo "2416"]
[BlackElo "2493"]

1.c4 e6 2.Nf3 d5 3.g3 dxc4 4.Bg2 a6 5.O-O Nf6 6.a4 Nc6 7.Qc2 Na5 8.Na3 Qd5
9.Rd1 Bd7 10.d3 Nb3 11.Rb1 Bxa4 12.Nxc4 Qb5 13.Be3 Nd5 14.Rf1 Bb4 15.Na3 Nxe3
16.fxe3 Qc5 17.Qxc5 Bxc5 18.d4 Be7 19.Nc4 f6 20.Nfd2 Nxd2 21.Nxd2 O-O-O 22.Nc4 Bb4
23.b3 Bb5 24.Rfd1 Rhe8 25.e4 c5 26.d5 exd5 27.exd5 Rxe2 28.d6 Bc3  0-1

[Event "EYb18"]
[Site "Herceg Novi SCG"]
[Date "2005.09.16"]
[Round "3"]
[White "Laznicka,V"]
[Black "Valeanu,E"]
[Result "1-0"]
[WhiteElo "2517"]
[BlackElo "2398"]

1.c4 e6 2.Nf3 d5 3.e3 c6 4.b3 f5 5.Be2 Nf6 6.O-O Bd6 7.Ba3 O-O 8.d4 Ne4 9.Qc1 Nd7
10.Bxd6 Nxd6 11.Nbd2 Nf6 12.Ne5 Bd7 13.c5 Nf7 14.Nxf7 Rxf7 15.Nf3 Be8 16.b4 Re7
17.Ne5 Nd7 18.Nxd7 Bxd7 19.Qb2 Qc7 20.f4 b6 21.Rfc1 Ree8 22.Qc3 Reb8 23.a4 a6
24.Rab1 b5 25.Ra1 Bc8 26.Ra3 Bb7 27.Rca1 Qc8 28.R1a2 Kf8 29.Qa1 Kg8 30.h3 g6
31.g4 Kh8 32.Kg2 Kg8 33.Kg3 Kf7 34.h4 Kf6 35.Bf3 Kf7 36.h5 Qg8 37.hxg6+ hxg6
38.axb5 axb5 39.Ra7 Rxa7 40.Rxa7 g5 41.Qa6 Qc8 42.Qb6 gxf4+ 43.exf4 fxg4
44.Bxg4 Kf6 45.Qa5 Ra8 46.Rxa8 Bxa8 47.Qa1 Bb7 48.Qe1 Qd7 49.Qe5+ Kf7 50.f5 exf5
51.Bxf5 Qd8 52.Qe6+ Kf8 53.Qh6+ Kf7 54.Be6+ Ke7 55.Qg5+  1-0